Click the Alphabet Quiz Stats

Quiz Updated Apr 20, 2016

Challenge
Share
Tweet
Score 0/26 Timer 00:30
8 Plays Today
% Correct
A
97.5%
B
96.5%
C
95.2%
D
94.8%
E
92.8%
F
92.6%
G
91.7%
H
90.7%
J
90.4%
I
90.2%
K
89.7%
L
88.7%
M
86.4%
% Correct
N
85%
O
84.6%
P
83.8%
Q
81.9%
R
79.9%
S
78.9%
T
76.4%
U
74.7%
V
70.2%
W
67.4%
X
65.3%
Y
61.8%
Z
61%

You're not logged in!

Compare scores with friends on all Sporcle quizzes.
Join for Free
OR
Log In

You Might Also Like...

Show Comments

Extras

Top Quizzes Today


Score Distribution

Your Account Isn't Verified!

In order to create a playlist on Sporcle, you need to verify the email address you used during registration. Go to your Sporcle Settings to finish the process.

Report this User

Report this user for behavior that violates our Community Guidelines.

Details: